| 000 | 00379nam a22001697a 4500 | ||
|---|---|---|---|
| 005 | 20180412103411.0 | ||
| 008 | 160613b xxu||||| |||| 00| 0 eng d | ||
| 020 | _a81-7012-658-4 | ||
| 041 | _aeng | ||
| 082 |
_b7258 _a343 |
||
| 100 |
_aMalik, P.L. _91799 |
||
| 245 | _aIndustrial law | ||
| 260 | _bEastrent Books | ||
| 300 | _a1735 | ||
| 650 |
_aManagement _9241 |
||
| 942 | _cBK | ||
| 999 |
_c2525 _d2524 |
||